000 003570000a22001450004500
005 20120302062654.0
942 _cBOOK
100 _a DR. KATE SWAMI
245 _a KAY ? SAMBHOGATUN SAMADHI ??
260 _aPUNE: GURUDEV PRAKASHAN ,1988
300 _a146 P.
040 _aMAR
365 _bRS.40/-
650 _aKATE SWAMI / RAJNISH / SAMBHOGATUN SAMADHI
999 _c357345
_d357342